Weibche Versionen von männlichen Vornamen - Statistiken

Allgemein
  • Dieses Quiz wurde 928 mal gespielt
  • Das Durchschnittsergebnis liegt bei 13 aus 16
Antwortstatistiken
Männlicher Vorname Weiblicher Vorname % Korrekt
Viktor/Victor Viktoria/Victoria
99%
Paul Paula
98%
Daniel Daniela
97%
Lauro Laura
97%
Michael Michaela/Michelle
97%
Erik/Eric Erika/Erica
96%
Andreas/Andrè Andrea
95%
Karl Karla
95%
Mario Maria
93%
Peter Petra
93%
Joseph Josephine
89%
Justin Justine
68%
Luigi Lucia
64%
Dominik Dominique
46%
Lucius/Lucas Lucy
32%
Matthias Mathilde/Matilda
23%
Keine übereinstimmenden Quizze gefunden
Verteilung der Resultate
Anzahl Personen mit jedem Resultat
Perzentil nach korrekt beantworteten Fragen
Ihre Resultats-Entwicklung
Sie haben dieses Quiz noch nicht gespielt